Maafkan Din, Cikgu

Bibliographic Details
Main Author: M. Jasni Majed
Format: Book
Published: Selangor : Cerdik Publications , 2006
Series:Novel kanak-kanak
Subjects:

MARC

LEADER 00000cam a2200000 7i4500
001 0000001288
005 20151222.0
008 070704
020 |a 9837020288 
090 0 0 |a JF   |b MAL 
100 0 |a M. Jasni Majed 
245 1 0 |a Maafkan Din, Cikgu   |c M.Jasni Majed 
260 |a Selangor :   |b Cerdik Publications ,   |c 2006 
440 |a Novel kanak-kanak 
500 |a Children ages 10-12 years old (pink) 
650 0 |a Malay fiction 
999 |a 0000956105   |b Book   |c Children Collection   |e Cawangan Taman Sri Lambak 
999 |a 0000956106   |b Book   |c Children Collection   |e Cawangan Bandar Tenggara 
999 |a 0000956107   |b Book   |c Children Collection   |e Cawangan Pontian 
999 |a 0000956108   |b Book   |c Children Collection   |e Cawangan Bandar Penawar 
999 |a 0000956109   |b Book   |c Children Collection   |e Cawangan Tmn. Ungku Tun Aminah 
999 |a 0001151540   |b Book   |c Children Collection   |e Cawangan Tmn. Ungku Tun Aminah 
999 |a 0001151541   |b Book   |c Children Collection   |e Cawangan Bandar Penawar 
999 |a 0001151542   |b Book   |c Children Collection   |e Cawangan Bukit Gambir